Normal view
MARC view
- تأليف عاشور،رضوى
Entry Personal Name
001 - CONTROL NUMBER
- control field: 18306
003 - CONTROL NUMBER IDENTIFIER
- control field: JO-AjAnu
005 - DATE AND TIME OF LATEST TRANSACTION
- control field: 20230606073222.0
008 - FIXED-LENGTH DATA ELEMENTS
- fixed length control field: 230606|| aca||aabn | a|a d
040 ## - CATALOGING SOURCE
- Original cataloging agency: JO-AjAnu
- Transcribing agency: JO-AjAnu
100 ## - HEADING--PERSONAL NAME
- Personal name: تأليف عاشور،رضوى
670 ## - SOURCE DATA FOUND
- Source citation: Work cat.: (JO-AjAnu)9398: تأليف عاشور،رضوى, author, ثلاثية غرناطة